Normal view
MARC view
Entry Personal Name
001 - CONTROL NUMBER
- control field: 3033
003 - CONTROL NUMBER IDENTIFIER
- control field: BD-RjUL
005 - DATE AND TIME OF LATEST TRANSACTION
- control field: 20220517113200.0
008 - FIXED-LENGTH DATA ELEMENTS
- fixed length control field: 220517|| aca||aabn | a|a d
040 ## - CATALOGING SOURCE
- Original cataloging agency: BD-RjUL
- Transcribing agency: BD-RjUL
100 ## - HEADING--PERSONAL NAME
- Personal name: হোসেন, মো: ফরহাদ
670 ## - SOURCE DATA FOUND
- Source citation: Work cat.: (BD-RjUL)79806: হোসেন, মো: ফরহাদ, মুহাম্মদ এনামুল হকের জীবনচেতনা ;, ২০০১